000 00407nam a2200181Ia 4500
001 676
005 20260306140535.0
008 260306t2013||||xx |||||||||||||| ||spa||
041 _aESP
082 _a128.3
_bZ89
100 _aZubiri, Xavier
_eAUT
245 0 _aInteligencia y razón
260 _c2013
300 _a354 páginas :
_c23 cm.
650 _aGEN
654 _aCHU
942 _cLIB
_dJUS
_fJUS
_2ddc
_n
999 _c676
_d676